Premier ministre et maire ! - Statistiques

Statistiques générales
  • Ce quiz a été pris 37 fois
  • Le résultat moyen est 10 sur 17
Statistiques - réponses
Hint Réponse % Correct
Jacques Chirac Paris
88%
Jacques Chaban-Delmas Bordeaux
85%
Edouard Philippe Le Havre
85%
Pierre Mauroy Lille
85%
Alain Juppé Bordeaux
79%
Jean-Marc Ayrault Nantes
71%
François Fillon Sablé-sur-Sarthe
71%
Manuel Valls Evry
65%
Raymond Barre Lyon
59%
Jean Castex Prades
59%
Pierre Bérégovoy Nevers
50%
Michel Debré Amboise
44%
Bernard Cazeneuve Cherbourg
44%
Edith Cresson Châtellerault
32%
Michel Rocard Conflans-Sainte-Honorine
32%
Laurent Fabius Le Grand-Quevilly
32%
Pierre Messmer Sarrebourg
24%
Aucun quiz correspondant
Distribution des résultats
% des personnes avec chaque résultat
Percentile par nombre de réponses
Votre historique - résultats
Vous n’avez pas pris ce quiz